01013nam a22002175i 4500001000700000003000900007005001700016008004100033040002000074100003300094245011400127260008500241300002100326594007100347710006000418710004000478852010100518942000800619999001900627952014900646158468ES-MaACL20241026165755.0040826s1876 be |||| | fre d aCAM bspa cCAM1 aMaeren, Corr-Vander.912933014aLes progrès du libre-échange en Belgique b: lettre adressée au Cobden Club / cpar Corr-Vander Maeren. aBruxelles : b[s.n.], c1876 (fAlliance typographique, M.-J. Poot et Compagnie) a10 p. ; c22 cm. aPrecede al tít.: Association belge pour l'abolition des douanes.21aAssociation belge pour l'abolition des douanes.91341512 aCobden Club (London, England)92870 aES-MaACLjT-1283-F-4 z-- Enc. hol. q-- Falto de la cub. original z-- Enc. en un vol. facticio 2udc c158468d158468 00102udc40708Colección_de_folletosaATENEOMbATENEOMcDEPOFd2008-01-17l0oT-1283-F-4p1165860r2023-02-23 00:00:00w2023-02-23yFOLLETOS